| 000 | 00388nam a2200145Ia 4500 | ||
|---|---|---|---|
| 008 | 090124s9999 xx 000 0 und d | ||
| 082 | _b35476 | ||
| 245 | _aMORAL STORIES FOR CHILDREN FOR FRIDAY | ||
| 250 | _a0 | ||
| 260 | _bVASAN BOOK DEPOT | ||
| 300 | _a24 | ||
| 630 | _aMORAL STORIES FOR CHILDREN FOR FRIDAY | ||
| 730 | _aMORAL STORIES FOR CHILDREN FOR FRIDAY | ||
| 942 | _cBOOK | ||
| 999 |
_c101186 _d101186 |
||